000
00297nam a2200145Ia 4500
100
_a
Whener/ H.
490
_v
25
942
_c
BK
654
_a
galvanism
245
_a
Introduction to Galvanism
260
_b
Wiley eastern
_a
New Delhi
_c
1991
300
_a
54
546
_a
ENGLISH
999
_c
21235
_d
21235